| 000 | 01152cam a22003134a 4500 | ||
|---|---|---|---|
| 001 | 13400147 | ||
| 003 | SISC | ||
| 005 | 20160219145614.0 | ||
| 008 | 031110s2005 nyua c b 001 0 eng | ||
| 010 | _a 2003024748 | ||
| 020 | _a9781404200760 | ||
| 040 |
_aDLC _cDLC _dDLC |
||
| 042 |
_apcc _alcac |
||
| 050 | 0 | 0 |
_aQC 73.4 _b.G74 2005 |
| 082 | 0 | 0 |
_aHS 531.6 _b.G82 2005 |
| 100 | 1 |
_aGreenberger, Robert. _912583 |
|
| 245 | 1 | 0 |
_aHow do we know the nature of energy / _cRobert Greenberger |
| 250 | _a1st ed. | ||
| 260 |
_aNew York : _bRosen Pub. Group, _cc2005. |
||
| 300 |
_a112 p. : _bill. ; _c21 cm. |
||
| 440 | 0 |
_aGreat scientific questions and the scientists who answered them _912584 |
|
| 650 | 0 |
_aForce and energy _vJuvenile literature. _912585 |
|
| 650 | 0 |
_aPower (Mechanics) _vJuvenile literature. _912586 |
|
| 856 | 4 | 1 |
_3Table of contents _uhttp://www.loc.gov/catdir/toc/ecip0411/2003024748.html |
| 906 |
_a7 _bcbc _corignew _d1 _eecip _f20 _gy-gencatlg |
||
| 942 |
_2lcc _cBK |
||
| 999 |
_c9147 _d9147 |
||